000 00460 a2200145 4500
999 _c1409
_d1409
020 _a0201328046
050 _aHF 5415 LEV 1997
100 _aLevinson, Jay Conrad
_eAuthor
245 _aGuerrilla Marketing With Technology:
_bunleashing the full potential of your small business/
_cJay Conrad Levinson
264 _aMassachusetts:
_bAddison-Wesley,
_c1997
300 _a211p.:
500 _aIncludes index
650 _aMarketing
942 _2lcc
_cBK
_h5415
_iLEV
_kHF